The brother karamazou

محفوظ في:
التفاصيل البيبلوغرافية
التنسيق: كتاب
الوسوم: إضافة وسم
لا توجد وسوم, كن أول من يضع وسما على هذه التسجيلة!
Thư viện lưu trữ: Mạng thư viện Đại học Đà Nẵng
LEADER 00412nam a22001691a 4500
001 000040464
003 16759
005 20160412023221.0
008 160412s0 000
082 |a A23134-36 
245 |a The brother karamazou  |c Fyodor Dostoevsky 
OWN |a LNN 
999 |a From the UDN01 
TYP |a Monograph 
980 |a Mạng thư viện Đại học Đà Nẵng